000 00508nam a2200193Ia 4500
005 20260429112032.0
008 260429s9999||||xx |||||||||||||| ||und||
020 _a9781804891346
041 _aEnglish
082 _a571.6
_bMOO
100 _aMoon, Lyra
245 0 _aAdvanced cell biology /
_cLyra Moon
260 _aUnited Kingdom :
_bBrilliant Publication Ltd. ,
_c2025.
300 _ax, 264 p.; hb
650 _a Cytology
650 _a Molecular biology
650 _aCell biology
942 _cTB
999 _c52008
_d52008